[Event "Championnat de la Loire Open"]
[Site "Loire"]
[Date "2004.03.20"]
[Round "6.17"]
[White "Gregoire, Michele"]
[Black "Doucet, Henri"]
[Result "1-0"]
[WhiteElo "1499"]
[BlackElo "1499"]
[PlyCount "94"]

1. d4 d5 2. Nf3 Nf6 3. Nc3 e6 4. e4 Bb4 5. e5 Ne4 6. Qd3 a6 7. a3 Bxc3+ 8. bxc3
Bd7 9. Qe3 Ba4 10. Ra2 Nc6 11. Be2 Qd7 12. O-O O-O-O 13. c4 Na7 14. c5 Bb5 15.
Bxb5 Nxb5 16. Bb2 h6 17. Nd2 Nxd2 18. Qxd2 Qc6 19. a4 Na7 20. Ba1 Kd7 21. f4 b6
22. Rb1 b5 23. a5 Qa8 24. Qd3 c6 25. c3 Rhg8 26. f5 Rdf8 27. Rf2 g5 28. g4 Nc8
29. fxe6+ fxe6 30. Qh7+ Ne7 31. Rf6 Qe8 32. Rbf1 Kd8 33. Bb2 Rh8 34. Qd3 Rfg8
35. Bc1 Rg7 36. Rxe6 Kc7 37. Rff6 Rhg8 38. Rxh6 Rg6 39. Rf6 Rxf6 40. exf6 Rg6
41. Qg3+ Kc8 42. Bxg5 Rxg5 43. fxe7 Rg8 44. Re6 Qd7 45. Rd6 Qxg4 46. Rxc6+ Kd7
47. Qxg4+ Rxg4+ 1-0

[Event "Championnat de la Loire Open"]
[Site "Loire"]
[Date "2004.05.15"]
[Round "7.1"]
[White "Doran, Niall"]
[Black "Valet, Godeffroy"]
[Result "0-1"]
[WhiteElo "1640"]
[BlackElo "1960"]
[PlyCount "66"]

1. e4 e6 2. d4 d5 3. Nc3 Bb4 4. e5 c5 5. a3 cxd4 6. axb4 dxc3 7. Nf3 cxb2 8.
Bxb2 Ne7 9. Bd3 Nd7 10. O-O O-O 11. Bxh7+ Kxh7 12. Ng5+ Kg6 13. Qg4 f5 14. exf6
Nxf6 15. Bxf6 Kxf6 16. Nh7+ Kf7 17. Qf3+ Kg8 18. Nxf8 Qxf8 19. Ra3 Bd7 20. Qg3
Nc6 21. Rb1 Rc8 22. Rf3 Qe7 23. Rbb3 Nd4 24. Qg6 Rxc2 25. g3 Rc1+ 26. Kg2 Nxf3
27. Rxf3 d4 28. Rf4 Bc6+ 29. Kh3 e5 30. Rh4 Qd7+ 31. g4 Rc3+ 32. f3 Rxf3+ 33.
Kg2 Rf6+ 0-1

[Event "Championnat de la Loire Open"]
[Site "Loire"]
[Date "2004.05.15"]
[Round "7.2"]
[White "Simon, Joel"]
[Black "Barnes, Pierrick"]
[Result "0-1"]
[WhiteElo "1620"]
[BlackElo "1930"]
[PlyCount "132"]

1. d4 Nf6 2. f4 d5 3. Nf3 Nc6 4. e3 Bf5 5. c4 e6 6. Nc3 Be7 7. c5 O-O 8. a3 a6
9. Be2 Be4 10. O-O Kh8 11. Ne5 Nb8 12. Nxe4 dxe4 13. Qb3 Qc8 14. f5 Nd5 15. Bc4
c6 16. fxe6 fxe6 17. Bd2 Nd7 18. Rxf8+ Bxf8 19. Nf7+ Kg8 20. Rf1 N7f6 21. Ne5
Qc7 22. Bxd5 exd5 23. Qc2 Be7 24. b4 Nd7 25. Nxd7 Qxd7 26. Qd1 Qe6 27. Qh5 g6
28. Qh6 Bf8 29. Qf4 Rc8 30. Be1 Bg7 31. Bg3 Rf8 32. Qc7 Rxf1+ 33. Kxf1 Qf7+ 34.
Qxf7+ Kxf7 35. Ke2 Ke6 36. Be1 Kf5 37. h3 h5 38. g3 Bf6 39. Bf2 Bd8 40. Kd2 Bc7
41. Kc3 g5 42. a4 Ke6 43. b5 axb5 44. axb5 Ba5+ 45. Kb3 cxb5 46. g4 h4 47. Bg1
Ke7 48. Bh2 Bd2 49. Bg1 Kd7 50. Kc2 Be1 51. Bh2 Bg3 52. Bg1 Kc6 53. Kb3 b6 54.
cxb6 Kxb6 55. Kb4 Be1+ 56. Kb3 Ka5 57. Ka3 Bg3 58. Kb3 b4 59. Ka2 Ka4 60. Kb2
b3 61. Kb1 Ka3 62. Ka1 b2+ 63. Kb1 Kb3 64. Bf2 Kc3 65. Bg1 Kd3 66. Kxb2 Ke2 0-1

[Event "Championnat de la Loire Open"]
[Site "Loire"]
[Date "2004.05.15"]
[Round "7.3"]
[White "Desassis, Jean-Francois"]
[Black "Gaillard, Pierre"]
[Result "1-0"]
[WhiteElo "1320"]
[BlackElo "1690"]
[PlyCount "71"]

1. d4 e6 2. e4 d5 3. e5 c5 4. c3 a6 5. Nf3 Nc6 6. Be2 Bd7 7. O-O cxd4 8. cxd4
Bb4 9. a3 Ba5 10. Ng5 Nge7 11. Be3 b5 12. Bh5 Ng6 13. f4 Nce7 14. Nd2 Nf5 15.
Bf2 Bb6 16. Ndf3 O-O 17. g4 Nfe7 18. Qd3 h6 19. Nh3 Rc8 20. g5 Nf5 21. gxh6
gxh6 22. Kh1 Kh8 23. Rg1 Be8 24. Nhg5 hxg5 25. Nxg5 Ng7 26. Bxg6 fxg6 27. Qh3+
Nh5 28. Nxe6 Qd7 29. Bh4 Bxd4 30. Bf6+ Rxf6 31. exf6 Bxf6 32. f5 d4 33. fxg6
Qd5+ 34. Rg2 Bxg6 35. Nf4 Qb7 36. Nxg6+ 1-0

[Event "Championnat de la Loire Open"]
[Site "Loire"]
[Date "2004.05.15"]
[Round "7.4"]
[White "Gidon, Rene"]
[Black "Vier, Serge"]
[Result "1/2-1/2"]
[WhiteElo "1530"]
[BlackElo "1730"]
[PlyCount "83"]

1. e4 e6 2. d4 d5 3. Nc3 Nf6 4. e5 Nfd7 5. Nf3 c5 6. Be3 Nc6 7. Bb5 a6 8. Bxc6
bxc6 9. O-O cxd4 10. Bg5 Qb6 11. Na4 Qc7 12. Qxd4 c5 13. Qe3 Bb7 14. b3 Bc6 15.
Nb2 d4 16. Qe2 Bb5 17. Nc4 Bxc4 18. bxc4 Be7 19. Qe4 Rb8 20. Bxe7 Kxe7 21. Qh4+
f6 22. Rfe1 Kf7 23. exf6 gxf6 24. Qg4 e5 25. Qf5 Ke7 26. Nd2 Qc6 27. Ne4 Qe6
28. Qh5 Rbg8 29. f4 Qg4 30. Ng3 Qxh5 31. Nxh5 Kd6 32. Nxf6 Nxf6 33. fxe5+ Ke6
34. exf6+ Kxf6 35. Rab1 Rb8 36. a3 Rhd8 37. Kf2 Rxb1 38. Rxb1 Rd6 39. Rd1 Rb6
40. Rd3 Rb2 41. Rd2 Ra2 42. Rd3 1/2-1/2

[Event "Championnat de la Loire Open"]
[Site "Loire"]
[Date "2004.05.15"]
[Round "7.5"]
[White "Gidrol, Thibault"]
[Black "Doucet, Medhi"]
[Result "0-1"]
[WhiteElo "1440"]
[BlackElo "1600"]
[PlyCount "100"]

1. e4 e5 2. Nf3 Nc6 3. Nc3 Be7 4. Bb5 Bc5 5. O-O d6 6. Bxc6+ bxc6 7. d4 exd4 8.
Nxd4 Bxd4 9. Qxd4 Qf6 10. Qxf6 Nxf6 11. Re1 O-O 12. e5 Re8 13. Bf4 Nh5 14. Bg5
Rxe5 15. Rxe5 dxe5 16. Rd1 Bf5 17. Rd2 h6 18. Be3 Nf6 19. Ne2 Nd5 20. Bc5 a6
21. c4 Nb6 22. b3 a5 23. Ng3 Be6 24. Re2 f6 25. Nh5 Bg4 26. Nxf6+ gxf6 27. Re4
Bf5 28. Rh4 Kg7 29. g4 Bg6 30. Be3 Rh8 31. f4 h5 32. f5 Bf7 33. g5 fxg5 34.
Bxg5 Nd7 35. Rh3 Nf6 36. Bd2 Ng4 37. Bg5 Rg8 38. Rg3 Kh7 39. Bh4 e4 40. Rg2 e3
41. Bg3 Rg7 42. h3 Nf2 43. Kf1 Nxh3 44. Ke2 h4 45. Rh2 Rxg3 46. c5 Bh5+ 47. Kf1
e2+ 48. Ke1 Rg1+ 49. Kd2 e1=Q+ 50. Kd3 Nf2+ 0-1

[Event "Championnat de la Loire Open"]
[Site "Loire"]
[Date "2004.05.15"]
[Round "7.6"]
[White "Borron, Herve"]
[Black "Volay, Pascal"]
[Result "1-0"]
[WhiteElo "1190"]
[BlackElo "1499"]
[PlyCount "73"]

1. c4 e5 2. Nc3 Nf6 3. Nf3 d6 4. d3 Be7 5. g3 Bd7 6. Bg2 Nc6 7. O-O Qc8 8. Re1
h6 9. Rb1 Rb8 10. b4 a6 11. a4 b6 12. b5 axb5 13. axb5 Nd8 14. e3 c6 15. bxc6
Bxc6 16. Nb5 Bxb5 17. Rxb5 O-O 18. Qb3 Nd7 19. Ba3 Ne6 20. Nd2 Nec5 21. Bxc5
bxc5 22. Bh3 Rxb5 23. Qxb5 Rd8 24. Nb3 Qc7 25. Na5 Nb8 26. Bg2 Rd7 27. Rb1 Rd8
28. Qa4 f6 29. Rb7 Qc8 30. Rxe7 Kf8 31. Rb7 Rd7 32. Bh3 Qe8 33. Bxd7 Nxd7 34.
Qxd7 Qxd7 35. Rxd7 g5 36. Rxd6 Ke7 37. Rc6 1-0

[Event "Championnat de la Loire Open"]
[Site "Loire"]
[Date "2004.05.15"]
[Round "7.7"]
[White "Gerey, Jean-Pierre"]
[Black "Goudet, Maxence"]
[Result "0-1"]
[WhiteElo "1330"]
[BlackElo "1090"]
[PlyCount "36"]

1. e4 e5 2. Nf3 Nc6 3. Nc3 Nf6 4. Bb5 Bd6 5. O-O O-O 6. Re1 a6 7. Ba4 b5 8. Bb3
Bb7 9. a3 Nd4 10. Nxd4 exd4 11. Nd5 Re8 12. d3 Nxd5 13. exd5 c6 14. dxc6 Bxc6
15. Rxe8+ Qxe8 16. Bd2 Qe5 17. g3 Qf5 18. Qf1 Qf3 0-1

[Event "Championnat de la Loire Open"]
[Site "Loire"]
[Date "2004.05.15"]
[Round "7.8"]
[White "Langlade, Remi"]
[Black "Pareux, Marc"]
[Result "0-1"]
[WhiteElo "1410"]
[BlackElo "1540"]
[PlyCount "82"]

1. e4 g6 2. Bc4 d6 3. d3 Bg7 4. Nf3 c6 5. Ng5 Nh6 6. Qf3 e6 7. c3 Qe7 8. O-O
Nd7 9. d4 O-O 10. b3 Nb6 11. h4 Nxc4 12. bxc4 e5 13. d5 cxd5 14. exd5 Nf5 15.
g3 Qc7 16. Nd2 h6 17. Nge4 Bd7 18. h5 Kh7 19. Ba3 Rad8 20. c5 Bb5 21. Rfb1 Ba6
22. cxd6 Nxd6 23. Nxd6 Rxd6 24. Bxd6 Qxd6 25. c4 b6 26. g4 f5 27. hxg6+ Qxg6
28. Qd3 Qxg4+ 29. Kf1 e4 30. Qa3 Bc8 31. Qxa7 Qh3+ 32. Ke1 Kg8 33. Qxb6 Qh1+
34. Nf1 Bc3+ 35. Kd1 Qf3+ 36. Kc2 Qd3+ 37. Kb3 Bxa1+ 38. Ka4 Qxc4+ 39. Rb4 Bd7+
40. Ka5 Ra8+ 41. Qa6 Rxa6# 0-1

[Event "Championnat de la Loire Open"]
[Site "Loire"]
[Date "2004.05.15"]
[Round "7.9"]
[White "Conesa, Antoine"]
[Black "Trottet, Francois"]
[Result "1-0"]
[WhiteElo "1320"]
[BlackElo "1500"]
[PlyCount "61"]

1. e4 c5 2. Nf3 Nc6 3. Nc3 a6 4. d3 d6 5. Nd5 Bg4 6. c3 Bxf3 7. Qxf3 Ne5 8. Qd1
g6 9. Qb3 b5 10. a3 e6 11. Ne3 Bg7 12. Be2 Nf6 13. d4 c4 14. Qd1 Ned7 15. Bf3
Nb6 16. e5 Nfd5 17. O-O Nxe3 18. Bxe3 d5 19. Qd2 O-O 20. Rfe1 Bh8 21. Bg5 Qc8
22. Bd1 Nd7 23. h4 h5 24. Re3 f6 25. exf6 Nxf6 26. Qc2 Ne4 27. f3 Nxg5 28.
Qxg6+ Bg7 29. Qxg5 Rf5 30. Qg6 Rf6 31. Qxh5 1-0

[Event "Championnat de la Loire Open"]
[Site "Loire"]
[Date "2004.05.15"]
[Round "7.10"]
[White "Campoy, Jean"]
[Black "Gerey, Bernard"]
[Result "1-0"]
[WhiteElo "1440"]
[BlackElo "1210"]
[PlyCount "41"]

1. e4 e6 2. c4 Nc6 3. Nf3 g6 4. Be2 e5 5. d3 Bg7 6. O-O Nf6 7. Nc3 O-O 8. Bg5
Ne7 9. a3 d6 10. h3 Be6 11. Nh2 d5 12. cxd5 Bd7 13. Bg4 Nxg4 14. Nxg4 Qc8 15.
Bxe7 Re8 16. Nf6+ Bxf6 17. Bxf6 b6 18. Qf3 c5 19. Qg3 b5 20. Qg5 Bxh3 21. Qh6
1-0

[Event "Championnat de la Loire Open"]
[Site "Loire"]
[Date "2004.05.15"]
[Round "7.11"]
[White "Rogues, Jean-Luc"]
[Black "Gregoire, Michele"]
[Result "1-0"]
[WhiteElo "1500"]
[BlackElo "1499"]
[PlyCount "67"]

1. d4 d5 2. c4 e6 3. Nc3 Nf6 4. e3 Nbd7 5. Bd3 b6 6. Nge2 Bb7 7. O-O c5 8. Qc2
Bd6 9. Nb5 Nf8 10. Nxd6+ Qxd6 11. dxc5 bxc5 12. Ng3 Ng6 13. e4 d4 14. Bg5 Ng4
15. f3 N4e5 16. f4 Nxd3 17. Qxd3 f6 18. e5 Qe7 19. exf6 gxf6 20. f5 Ne5 21. Qe2
d3 22. Qe1 O-O 23. Bf4 Rad8 24. Bxe5 fxe5 25. Qxe5 Rf6 26. Nh5 Rxf5 27. Rxf5
Rf8 28. Rg5+ Qxg5 29. Qxg5+ Kf7 30. Rf1+ Ke8 31. Ng7+ Kd7 32. Rxf8 Kc7 33.
Nxe6+ Kb6 34. Qxc5+ 1-0

[Event "Championnat de la Loire Open"]
[Site "Loire"]
[Date "2004.05.15"]
[Round "7.12"]
[White "Carrot, Axel"]
[Black "Bruyas, Benjamin"]
[Result "0-1"]
[WhiteElo "1350"]
[BlackElo "1310"]
[PlyCount "100"]

1. d4 d5 2. Nf3 Bf5 3. Bf4 e6 4. e3 c5 5. dxc5 Bxc5 6. Bb5+ Nc6 7. Nc3 Nf6 8.
O-O O-O 9. Qd2 Bb4 10. a3 Ba5 11. b4 Bb6 12. Bxc6 bxc6 13. Ne5 Rc8 14. Bg5 Bc7
15. Bxf6 Qxf6 16. Nd7 Qg5 17. f4 Qg6 18. Nxf8 Kxf8 19. Rf2 a5 20. bxa5 Bxa5 21.
Qd4 c5 22. Qd2 d4 23. exd4 cxd4 24. Qxd4 Bxc3 25. Qd6+ Kg8 26. Qa6 e5 27. Qxg6
Bxg6 28. Rc1 exf4 29. Rxf4 Bd2 30. Rxf7 Bxc1 31. Rb7 Bxa3 32. c4 Rxc4 33. Rb8+
Kf7 34. Rb7+ Kf6 35. Rb6+ Kg5 36. Rb5+ Rc5 37. Rxc5+ Bxc5+ 38. Kf1 Bd3+ 39. Ke1
Kg4 40. h3+ Kg3 41. h4 Kxh4 42. g3+ Kxg3 43. Kd2 Ba6 44. Ke1 h5 45. Kd2 h4 46.
Kc3 h3 47. Kd2 h2 48. Kc3 h1=Q 49. Kb3 Qf3+ 50. Ka4 Qa3# 0-1

[Event "Championnat de la Loire Open"]
[Site "Loire"]
[Date "2004.05.15"]
[Round "7.13"]
[White "Brachet, Gerard"]
[Black "Gregoire, Patrick"]
[Result "1-0"]
[WhiteElo "1350"]
[BlackElo "1499"]
[PlyCount "55"]

1. e4 e5 2. Nf3 Nc6 3. Bc4 Be7 4. d3 d6 5. Be3 h6 6. O-O Bg5 7. Qd2 Bxe3 8.
Qxe3 Nf6 9. h3 d5 10. exd5 Nxd5 11. Qe2 Be6 12. Nxe5 Nd4 13. Qd2 Qg5 14. Qxg5
hxg5 15. Nc3 Nxc3 16. bxc3 Nxc2 17. Rab1 Na3 18. Rxb7 Nxc4 19. Nxc4 g4 20. hxg4
Bxg4 21. Re1+ Kd8 22. Ne5 Kc8 23. Rb4 Be6 24. a4 a5 25. Rb2 f6 26. Ng6 Rh6 27.
Rxe6 Rb8 28. Re8+ 1-0

[Event "Championnat de la Loire Open"]
[Site "Loire"]
[Date "2004.05.15"]
[Round "7.14"]
[White "Mialon, Franck"]
[Black "Desassis, Maxence"]
[Result "1-0"]
[WhiteElo "1290"]
[BlackElo "1430"]
[PlyCount "39"]

1. e4 c6 2. Nf3 d5 3. exd5 cxd5 4. Be2 Nf6 5. O-O Nc6 6. Bb5 a6 7. Bxc6+ bxc6
8. d4 Bg4 9. h3 Bxf3 10. Qxf3 Qd6 11. Bf4 Qb4 12. c3 Qxb2 13. Nd2 Ne4 14. Nxe4
dxe4 15. Qxe4 Qxc3 16. Rac1 Qb2 17. Qxc6+ Kd8 18. Qxa8+ Kd7 19. Qd5+ Ke8 20.
Rc8# 1-0

[Event "Championnat de la Loire Open"]
[Site "Loire"]
[Date "2004.05.15"]
[Round "7.15"]
[White "Doucet, Henri"]
[Black "Veyrat, Gerard"]
[Result "0-1"]
[WhiteElo "1499"]
[BlackElo "1210"]
[PlyCount "40"]

1. d4 d5 2. Nf3 Nf6 3. g3 e6 4. e3 Bd6 5. Bg2 O-O 6. O-O Nc6 7. Re1 Ng4 8. Nc3
e5 9. dxe5 Ncxe5 10. Qxd5 Be6 11. Qxb7 Nxf3+ 12. Bxf3 Qf6 13. Kg2 Qh6 14. Bxg4
Bxg4 15. b3 f5 16. e4 f4 17. Bxf4 Bxf4 18. gxf4 Qh3+ 19. Kg1 Bf3 20. Ne2 Qg2#
0-1

[Event "Championnat de la Loire Open"]
[Site "Loire"]
[Date "2004.05.15"]
[Round "8.2"]
[White "Doucet, Medhi"]
[Black "Barnes, Pierrick"]
[Result "0-1"]
[WhiteElo "1600"]
[BlackElo "1930"]
[PlyCount "92"]

1. e4 e5 2. Nf3 d6 3. Bc4 Be7 4. Nc3 Nf6 5. h3 h6 6. d3 a6 7. Bb3 Nc6 8. Be3
Na5 9. Ne2 Nxb3 10. axb3 Be6 11. c4 Nd7 12. Nc3 c6 13. O-O O-O 14. Qe2 f5 15.
exf5 Bxf5 16. Rfe1 Nf6 17. Nd2 Qe8 18. Nde4 Qg6 19. Qf3 Nxe4 20. dxe4 Be6 21.
Qg3 Qxg3 22. fxg3 Rf7 23. Rf1 Raf8 24. h4 Kh7 25. Rxf7 Rxf7 26. Rf1 Rxf1+ 27.
Kxf1 Kg6 28. Kf2 Kh5 29. Kf3 Bg4+ 30. Kf2 b5 31. Bd2 Be6 32. cxb5 axb5 33. b4
Bd8 34. Be3 g5 35. hxg5 hxg5 36. Kf3 g4+ 37. Kf2 Bc4 38. Ba7 Kg5 39. Be3+ Kf6
40. Ke1 d5 41. exd5 cxd5 42. b3 Bxb3 43. Nxb5 Ke6 44. Bd4 Bc4 45. Bxe5 Kxe5 46.
Nc3 Be7 0-1

[Event "Championnat de la Loire Open"]
[Site "Loire"]
[Date "2004.05.15"]
[Round "8.3"]
[White "Simon, Joel"]
[Black "Vier, Serge"]
[Result "0-1"]
[WhiteElo "1620"]
[BlackElo "1730"]
[PlyCount "41"]

1. d4 d5 2. e4 dxe4 3. Nc3 Nf6 4. f3 exf3 5. Nxf3 Bg4 6. h3 Bh5 7. Be3 e6 8.
Be2 Bb4 9. Qd3 a6 10. O-O O-O 11. Bg5 Bg6 12. Qe3 Bxc2 13. Ne5 Be7 14. Rac1 Bg6
15. h4 Nh5 16. Bxe7 Qxe7 17. Nxg6 hxg6 18. Ne4 c6 19. Qf3 Nd7 20. g3 Nhf6 21.
Ng5 0-1

[Event "Championnat de la Loire Open"]
[Site "Loire"]
[Date "2004.05.15"]
[Round "8.4"]
[White "Gaillard, Pierre"]
[Black "Borron, Herve"]
[Result "1-0"]
[WhiteElo "1690"]
[BlackElo "1190"]
[PlyCount "57"]

1. c4 e5 2. Nc3 Nc6 3. g3 f5 4. Bg2 Nf6 5. e4 d6 6. d3 Be7 7. Nge2 O-O 8. f4
fxe4 9. dxe4 Be6 10. Nd5 Qd7 11. f5 Bf7 12. Be3 Bh5 13. h3 Nxd5 14. cxd5 Nd8
15. Qc2 c6 16. Nc3 b6 17. O-O Bf7 18. Qd2 Rc8 19. Rad1 c5 20. a4 a6 21. Kh2 b5
22. axb5 axb5 23. g4 b4 24. Ne2 h6 25. Rf3 Kh7 26. Bxh6 gxh6 27. f6 Bxf6 28.
Rxf6 Rh8 29. Rxh6+ 1-0

[Event "Championnat de la Loire Open"]
[Site "Loire"]
[Date "2004.05.15"]
[Round "8.5"]
[White "Goudet, Maxence"]
[Black "Doran, Niall"]
[Result "0-1"]
[WhiteElo "1090"]
[BlackElo "1640"]
[PlyCount "84"]

1. e4 e6 2. d4 d5 3. exd5 exd5 4. Nc3 c6 5. Bd3 Bd6 6. Qe2+ Ne7 7. Nf3 O-O 8.
O-O Re8 9. Re1 Na6 10. a3 Bg4 11. Qe3 Ng6 12. Qxe8+ Qxe8 13. Rxe8+ Rxe8 14. Bd2
Bxf3 15. gxf3 Nh4 16. Be2 Rxe2 17. Nxe2 Nxf3+ 18. Kg2 Nxd2 19. Ng3 Nc4 20. Nf5
Bf8 21. b4 Nc7 22. Ne3 Nxe3+ 23. fxe3 Nb5 24. a4 Nc3 25. b5 cxb5 26. axb5 Nxb5
27. Rb1 a6 28. Re1 Nc3 29. Kf3 a5 30. Ra1 a4 31. Kf2 b5 32. Ke1 Bb4 33. Kd2
Ne4+ 34. Kd3 Bc3 35. Ra3 Bb2 36. Ra2 a3 37. c3 Nxc3 38. Rxa3 Bxa3 39. Kxc3 Bd6
40. h3 f5 41. Kd3 Kf7 42. Kd2 Kg6 0-1

[Event "Championnat de la Loire Open"]
[Site "Loire"]
[Date "2004.05.15"]
[Round "8.6"]
[White "Pareux, Marc"]
[Black "Gidon, Rene"]
[Result "1/2-1/2"]
[WhiteElo "1540"]
[BlackElo "1530"]
[PlyCount "78"]

1. d4 Nf6 2. f3 e6 3. e4 d6 4. Be3 Be7 5. Bd3 e5 6. Ne2 O-O 7. c3 c6 8. O-O Qc7
9. Nd2 Be6 10. c4 d5 11. cxd5 cxd5 12. Rc1 Nc6 13. a3 Qb6 14. b4 Nxd4 15. Nxd4
exd4 16. Bf2 Bd6 17. Nb3 dxe4 18. Bxe4 Bxb3 19. Qxb3 Bf4 20. Rc5 Nd7 21. Rd5
Be3 22. Rxd7 Bxf2+ 23. Rxf2 Rac8 24. Rxb7 Rc1+ 25. Rf1 Rxf1+ 26. Kxf1 Qa6+ 27.
Kf2 h5 28. Bd5 d3 29. Rxf7 Qb6+ 30. Kf1 Rxf7 31. Qxd3 Qf6 32. Bxf7+ Kxf7 33.
Qd7+ Kg6 34. Qd3+ Kf7 35. Qd7+ Kg6 36. Qe8+ Kh6 37. Qe3+ g5 38. a4 Qa1+ 39. Kf2
Qb2+ 1/2-1/2

[Event "Championnat de la Loire Open"]
[Site "Loire"]
[Date "2004.05.15"]
[Round "8.7"]
[White "Gidrol, Thibault"]
[Black "Campoy, Jean"]
[Result "0-1"]
[WhiteElo "1440"]
[BlackElo "1440"]
[PlyCount "78"]

1. e4 e5 2. Nf3 Nc6 3. Nc3 d6 4. h3 Nf6 5. Be2 Be7 6. O-O O-O 7. d4 exd4 8.
Nxd4 Ne5 9. Bf4 a6 10. Nf3 Ng6 11. Qd2 Nd7 12. Bg5 h6 13. Bxe7 Qxe7 14. Bc4
Nge5 15. Nxe5 Nxe5 16. Bb3 Qg5 17. Qe2 Bxh3 18. g3 Qg6 19. Rfd1 Bg4 20. Rxd6
cxd6 21. Qe3 Bf3 22. Qf4 Qh5 23. Qh4 Bg4 24. Nd5 Nf3+ 25. Kg2 Nxh4+ 26. gxh4
Qxh4 27. Rh1 Bf3+ 28. Kxf3 Qxh1+ 29. Ke2 Qh5+ 30. f3 Qe5 31. c3 Kh8 32. Ke3 f5
33. f4 Qxe4+ 34. Kd2 Qg2+ 35. Kc1 Rae8 36. a3 Re1+ 37. Bd1 Qxd5 38. Kb1 Rxd1+
39. Kc2 Re8 0-1

[Event "Championnat de la Loire Open"]
[Site "Loire"]
[Date "2004.05.15"]
[Round "8.8"]
[White "Bruyas, Benjamin"]
[Black "Conesa, Antoine"]
[Result "0-1"]
[WhiteElo "1310"]
[BlackElo "1320"]
[PlyCount "54"]

1. Nf3 Nc6 2. d4 d5 3. b3 e6 4. c4 Bb4+ 5. Bd2 Be7 6. g3 Bf6 7. Bf4 Nge7 8. Nc3
Nf5 9. e3 a6 10. Qd2 Bd7 11. Bg2 g5 12. Be5 Rg8 13. Bxf6 Qxf6 14. O-O h5 15.
cxd5 Nce7 16. Ne5 O-O-O 17. dxe6 fxe6 18. Na4 Bb5 19. Rac1 Qxe5 20. Nb6+ Kb8
21. Nc4 Qg7 22. Rfd1 Bc6 23. Bxc6 Nxc6 24. e4 Nfxd4 25. Kh1 Qf6 26. Qc3 e5 27.
Ne3 Qf3+ 0-1

[Event "Championnat de la Loire Open"]
[Site "Loire"]
[Date "2004.05.15"]
[Round "8.9"]
[White "Volay, Pascal"]
[Black "Rogues, Jean-Luc"]
[Result "1/2-1/2"]
[WhiteElo "1499"]
[BlackElo "1500"]
[PlyCount "100"]

1. c4 e5 2. e4 Nf6 3. Nc3 Bb4 4. d3 O-O 5. Bg5 d6 6. Be2 Be6 7. Nf3 Nbd7 8. O-O
Bxc3 9. bxc3 c6 10. Rb1 Qc7 11. Bxf6 Nxf6 12. h3 Qd7 13. Nh2 d5 14. cxd5 cxd5
15. exd5 Nxd5 16. c4 Nc3 17. Qd2 Nxb1 18. Rxb1 Bxc4 19. Qc2 Bd5 20. Bf3 Bxf3
21. Nxf3 Rfe8 22. Qe2 Qd5 23. Rb2 e4 24. dxe4 Rxe4 25. Qc2 Rc4 26. Qe2 Rac8 27.
Kh2 b6 28. Rd2 Qe4 29. Qd1 Qf4+ 30. g3 Qc7 31. Ne5 Rc2 32. Nf3 Rxd2 33. Qxd2
Qc2 34. Qd4 Qxa2 35. Kg2 Qc4 36. Qd7 Qc7 37. Qg4 a5 38. Ne5 Qb7+ 39. Kh2 b5 40.
Qf5 Rc7 41. Qd3 Rc8 42. Nd7 Qc6 43. Ne5 Qc5 44. Qf5 f6 45. Qe6+ Kh8 46. Nf7+
Kg8 47. Nd6+ Kh8 48. Nf7+ Kg8 49. Nd6+ Kh8 50. Nf7+ Kg8 1/2-1/2

[Event "Championnat de la Loire Open"]
[Site "Loire"]
[Date "2004.05.15"]
[Round "8.10"]
[White "Trottet, Francois"]
[Black "Gerey, Jean-Pierre"]
[Result "1-0"]
[WhiteElo "1500"]
[BlackElo "1330"]
[PlyCount "105"]

1. e4 e5 2. Nf3 Nc6 3. Bb5 a6 4. Ba4 Nf6 5. O-O Be7 6. Re1 b5 7. Bb3 O-O 8. c3
Bb7 9. h3 Bc5 10. d4 Bb6 11. d5 Ne7 12. Nxe5 d6 13. Ng4 Nxg4 14. Qxg4 Bc8 15.
Qg3 Qe8 16. Bh6 Nf5 17. exf5 Qxe1+ 18. Kh2 Qe5 19. f4 Qf6 20. Bg5 Qxf5 21. Nd2
Re8 22. Nf3 Qd3 23. Rd1 Qe2 24. Re1 Qxe1 25. Nxe1 Bf5 26. Bf6 g6 27. Bc2 Rxe1
28. Qxe1 Bxc2 29. h4 h5 30. Qg3 Bf5 31. Qg5 Kh7 32. Bd4 Bxd4 33. cxd4 Re8 34.
Qg3 Re4 35. Qc3 Rxf4 36. Qxc7 Rxh4+ 37. Kg1 Bd3 38. Kf2 Kg7 39. Qxd6 a5 40.
Qe5+ Kh6 41. Qe3+ g5 42. Qxd3 f6 43. d6 Rf4+ 44. Ke3 Rg4 45. Kf2 Rf4+ 46. Kg1
h4 47. d7 h3 48. Qxh3+ Kg6 49. d8=Q g4 50. Qg8+ Kf5 51. Qd5+ Kg6 52. Qhh5+ Kg7
53. Qdf7# 1-0

[Event "Championnat de la Loire Open"]
[Site "Loire"]
[Date "2004.05.15"]
[Round "8.11"]
[White "Gerey, Bernard"]
[Black "Langlade, Remi"]
[Result "0-1"]
[WhiteElo "1210"]
[BlackElo "1410"]
[PlyCount "34"]

1. e4 e5 2. Nf3 Nc6 3. Bc4 Bc5 4. O-O d6 5. b3 Qf6 6. Bb2 Qg6 7. Re1 Bh3 8. g3
h5 9. d3 Nf6 10. Bc1 Ng4 11. Be3 Nxe3 12. Nh4 Qf6 13. Qd2 Nd4 14. Rxe3 g5 15.
Qd1 gxh4 16. c3 hxg3 17. cxd4 Qxf2+ 0-1

[Event "Championnat de la Loire Open"]
[Site "Loire"]
[Date "2004.05.15"]
[Round "8.12"]
[White "Brachet, Gerard"]
[Black "Mialon, Franck"]
[Result "0-1"]
[WhiteElo "1350"]
[BlackElo "1290"]
[PlyCount "92"]

1. e4 e5 2. Nf3 Nc6 3. Bc4 Nd4 4. d3 d6 5. Be3 Bg4 6. Nbd2 Qf6 7. Bxd4 exd4 8.
h3 Bh5 9. O-O O-O-O 10. Rb1 g5 11. g4 Bg6 12. Nh2 h5 13. f3 Qe5 14. Qe2 hxg4
15. Nxg4 Qf4 16. Qh2 Qxh2+ 17. Kxh2 Be7 18. c3 Nf6 19. cxd4 Nxg4+ 20. fxg4 Rh7
21. d5 Rdh8 22. Rf3 Rh4 23. Rg1 Bf8 24. d4 Bg7 25. Rd3 c5 26. dxc6 f5 27. cxb7+
Kb8 28. gxf5 Bh5 29. Rxg5 Bh6 30. Rg1 Bf4+ 31. Kg2 Be2 32. Kf2 Bxd3 33. Bxd3
Rxh3 34. Ke2 Rh2+ 35. Kf3 Bxd2 36. e5 dxe5 37. dxe5 R2h3+ 38. Ke2 Be3 39. Rf1
Rg8 40. Be4 Bb6 41. Bd5 Rh2+ 42. Kf3 Rf8 43. f6 Rxb2 44. e6 Rxf6+ 45. Ke4 Rxf1
46. e7 Re1+ 0-1

[Event "Championnat de la Loire Open"]
[Site "Loire"]
[Date "2004.05.15"]
[Round "8.13"]
[White "Gregoire, Patrick"]
[Black "Gregoire, Michele"]
[Result "1/2-1/2"]
[WhiteElo "1499"]
[BlackElo "1499"]
[PlyCount "85"]

1. e4 e5 2. Nf3 Nc6 3. Bc4 Nf6 4. Nc3 h6 5. d4 d6 6. Nd5 Na5 7. Nxf6+ gxf6 8.
Qd3 Nxc4 9. Qxc4 Be6 10. d5 Bd7 11. O-O f5 12. Re1 f4 13. Qc3 Rg8 14. g3 Be7
15. Kh1 Bg4 16. Rg1 f5 17. gxf4 Qd7 18. fxe5 Rg6 19. e6 Rxe6 20. dxe6 Qxe6 21.
Qh8+ Bf8 22. Bxh6 Qxh6 23. Qxh6 Bxh6 24. h3 Bxf3+ 25. Kh2 Bf4+ 26. Rg3 O-O-O
27. h4 Rg8 28. Rag1 fxe4 29. Kh3 Bxg3 30. fxg3 Bg4+ 31. Kg2 d5 32. c3 c5 33.
Kf2 Rf8+ 34. Ke3 Rf3+ 35. Kd2 e3+ 36. Ke1 d4 37. cxd4 e2 38. dxc5 Rf1+ 39. Rxf1
exf1=Q+ 40. Kxf1 Kc7 41. Kf2 Kc6 42. b4 a6 43. Ke3 1/2-1/2

[Event "Championnat de la Loire Open"]
[Site "Loire"]
[Date "2004.05.15"]
[Round "8.14"]
[White "Veyrat, Gerard"]
[Black "Carrot, Axel"]
[Result "1-0"]
[WhiteElo "1210"]
[BlackElo "1350"]
[PlyCount "53"]

1. d4 d5 2. c4 dxc4 3. Nc3 Nc6 4. Nf3 Bg4 5. d5 Nb4 6. Qa4+ Nc6 7. dxc6 bxc6 8.
Qxc6+ Qd7 9. Qxa8+ Qc8 10. Qxc8+ Bxc8 11. e3 e6 12. Bxc4 Bb4 13. Bd2 Bxc3 14.
Bxc3 Nf6 15. Bxf6 gxf6 16. O-O Rg8 17. g3 Bb7 18. Be2 Bxf3 19. Bxf3 e5 20. Rfd1
f5 21. e4 fxe4 22. Bxe4 h6 23. Rd5 f6 24. Rad1 Ke7 25. Rd7+ Kf8 26. Rxc7 Rg7
27. Rd8# 1-0

[Event "Championnat de la Loire Open"]
[Site "Loire"]
[Date "2004.05.15"]
[Round "8.15"]
[White "Desassis, Maxence"]
[Black "Doucet, Henri"]
[Result "1-0"]
[WhiteElo "1430"]
[BlackElo "1499"]
[PlyCount "69"]

1. e4 e5 2. Nf3 Nc6 3. Bc4 h6 4. d3 d6 5. Nc3 Na5 6. Bb3 Nxb3 7. axb3 Nf6 8.
O-O Be7 9. b4 O-O 10. b5 b6 11. b3 Bb7 12. Nh4 Bc8 13. h3 d5 14. Nf5 Bc5 15.
Nxd5 Nxd5 16. Bxh6 gxh6 17. Qg4+ Qg5 18. Nxh6+ Kh7 19. Qxg5 f6 20. Qh4 Be7 21.
Nf5+ Kg8 22. Nxe7+ Nxe7 23. f4 Ng6 24. Qh6 Nxf4 25. g3 Nxh3+ 26. Kh2 Bd7 27.
Rxf6 Rxf6 28. Qxf6 Rf8 29. Qg6+ Kh8 30. g4 Rf2+ 31. Kxh3 Rf4 32. Rh1 Bxg4+ 33.
Kg3+ Bh3 34. Rxh3+ Rh4 35. Rxh4# 1-0